NBA Top 10 Athletes All-Time - Statistics

General Stats
  • This quiz has been taken 903 times
  • The average score is 5 of 11
Answer Stats
Player % Correct
Michael Jordan
97%
LeBron James
96%
Wilt Chamberlain
65%
Russell Westbrook
50%
Vince Carter
50%
David Robinson
39%
Nate Robinson
39%
Julius Erving
35%
Allen Iverson
30%
Dennis Rodman
22%
Shawn Kemp
19%
No matching quizzes found
Score Distribution
Percent of People with Each Score
Percentile by Number Answered
Your Score History
You have not taken this quiz